00500 2200181 4500001002100000005001500021035002000036007000300056008004100059020002200100082000800122084001400130100001600144245006900160260003400229300004500263650001000308INLIS00000000000026620231128105959 a0010-1123000049ta231128 g 0 ind  a978-602-344-173-0 a635 a635 TIM b0 aTim Pustaka1 aBudi Daya Cabai :bDi Lahan Pertanian & Perkotaan /cTim Pustaka aJakarta :bIAARD Press,c2017 aviii, 108 hlm, :bilus, ;c16 cm x 24 cm 4aCabai